000 00535nam a2200181Ia 4500
005 20250508161918.0
008 008 250505s9999 xx 000 0 eng d
037 _aBooks to be hide in OPAC
040 _aFEDL
_beng
_cFEDL
041 _aeng
_2eng
084 _qFEDL
100 _aPearce F G
_941245
245 0 _aStruggle of modern man: An outline histroy of the world from A. D. 1450 to the present day
260 _aMadras India
_bOxford University Press
300 _axi,198p.
942 _cHB
999 _c1373141
_d1373141